000 00691nam a2200265Ia 4500
005 20260306163437.0
008 008 260114s9999 xx 000 0 eng d
020 _a9780226832258
037 _aEBOOK
040 _aCRL
040 _beng
040 _cCRL
041 _2eng
041 _aeng
084 _qCRL
100 _aSteffes
_91128639
245 0 _aStructuring Inequality: How Schooling, Housing, And Tax Policies Shaped Metropolitan Development And Education
260 _bUniversity of Chicago Press
260 _c2024
650 _aEducation
856 _uhttps://academic.oup.com/book/58389
942 _cEBOOK
999 _c1710126
_d1710126